Producing masculinity : (Record no. 82068)
[ view plain ]
| 000 -LEADER | |
|---|---|
| fixed length control field | 01130nam a2200337 a 4500 |
| 001 - CONTROL NUMBER | |
| control field | 82068 |
| 003 - CONTROL NUMBER IDENTIFIER | |
| rucl marc code | BD-RjUL |
| 005 - DATE AND TIME OF LATEST TRANSACTION | |
| control field | 20231009120346.0 |
| 008 - FIXED-LENGTH DATA ELEMENTS--GENERAL INFORMATION | |
| fixed length control field | 231009s2019 nyua b 001 0 eng |
| 020 ## - INTERNATIONAL STANDARD BOOK NUMBER | |
| International Standard Book Number | 9780367150822 (pbk : alk. paper) |
| International Standard Book Number | 9780367150792 (hbk : alk. paper) |
| 035 ## - SYSTEM CONTROL NUMBER | |
| System control number | (BD-RjUL)82068 |
| 040 ## - CATALOGING SOURCE | |
| Original cataloging agency | DLC |
| Language of cataloging | eng |
| Transcribing agency | DLC |
| Description conventions | rda |
| Modifying agency | DLC |
| -- | BD-RjUL |
| 041 ## - LANGUAGE CODE | |
| Language code of text/sound track or separate title | eng |
| 082 00 - DEWEY DECIMAL CLASSIFICATION NUMBER | |
| Edition number | 23 |
| Classification number | 155.332 |
| Author mark and year | WHP 2019 |
| 100 1# - MAIN ENTRY--PERSONAL NAME | |
| Personal name | White, Michele, |
| Dates associated with a name | 1962- |
| Relator term | author. |
| 9 (RLIN) | 9421 |
| 245 10 - TITLE STATEMENT | |
| Title | Producing masculinity : |
| Remainder of title | the Internet, gender, and sexuality / |
| Statement of responsibility, etc. | Michele White. |
| 264 #1 - PRODUCTION, PUBLICATION, DISTRIBUTION, MANUFACTURE, AND COPYRIGHT NOTICE | |
| Place of production, publication, distribution, manufacture | New York ; |
| -- | London : |
| Name of producer, publisher, distributor, manufacturer | Routledge, Taylor & Francis Group, |
| Date of production, publication, distribution, manufacture, or copyright notice | 2019. |
| 300 ## - PHYSICAL DESCRIPTION | |
| Pagination | xii, 231 pages : |
| Illustrations | illustrations ; |
| Size | 23 cm |
| 336 ## - CONTENT TYPE | |
| Content type term | text |
| Content type code | txt |
| Source | rdacontent |
| 337 ## - MEDIA TYPE | |
| Media type term | unmediated |
| Media type code | n |
| Source | rdamedia |
| 338 ## - CARRIER TYPE | |
| Carrier type term | volume |
| Carrier type code | nc |
| Source | rdacarrier |
| 504 ## - BIBLIOGRAPHY, ETC. NOTE | |
| Bibliography, etc | Includes bibliographical references (pages 213-225) and index. |
| 650 #0 - SUBJECT ADDED ENTRY--TOPICAL TERM | |
| Topical term or geographic name as entry element | Masculinity. |
| 9 (RLIN) | 9422 |
| Topical term or geographic name as entry element | Sex role. |
| 9 (RLIN) | 9423 |
| Topical term or geographic name as entry element | Internet |
| General subdivision | Social aspects. |
| 9 (RLIN) | 9424 |
| Topical term or geographic name as entry element | Men (Identity) |
| 9 (RLIN) | 9425 |
| Topical term or geographic name as entry element | Feminism. |
| 9 (RLIN) | 9426 |
| 942 ## - ADDED ENTRY ELEMENTS (KOHA) | |
| Source of classification or shelving scheme | Dewey Decimal Classification |
| Koha item type | Books |
| Lost status | Source of classification or shelving scheme | Damaged status | Not for loan | Collection code | Permanent Location | Current Location | Shelving location | Date acquired | Source of acquisition | Cost, normal purchase price | Total Checkouts | Full call number | Date last seen | Copy number | Koha item type |
|---|---|---|---|---|---|---|---|---|---|---|---|---|---|---|---|
| Dewey Decimal Classification | Not For Loan | Non-fiction | Central Library, University of Rajshahi | Central Library, University of Rajshahi | Reading Room | 05/06/2023 | Dhaka : Page mark | 2475.54 | 155.332 WHP 2019 | 09/10/2023 | C-1 | Books | |||
| Dewey Decimal Classification | Non-fiction | Central Library, University of Rajshahi | Central Library, University of Rajshahi | General Stacks | 05/06/2023 | Dhaka : Page mark | 2475.54 | 155.332 WHP 2019 | 09/10/2023 | C-2 | Books |